| 000 | 00461nam a2200193Ia 4500 | ||
|---|---|---|---|
| 008 | 151121s9999||||xx |||||||||||||| ||und|| | ||
| 082 | _a521/Pro | ||
| 082 | _bHNW-53397 | ||
| 100 | _aProctor Mary | ||
| 245 | _aEverymans Astronomy | ||
| 260 | _bThe Scientific Book Club | ||
| 260 | _c-- | ||
| 300 | _a246 | ||
| 600 | _aProctor Mary | ||
| 630 | _aEverymans Astronomy | ||
| 700 | _aProctor Mary | ||
| 730 | _aEverymans Astronomy | ||
| 942 | _cBOOK | ||
| 999 |
_c1237038 _d1237035 |
||